Mafia State: how one reporter became an enemy of the brutal new Russia/ (Registro nro. 5116)
[ vista simple ]
| 000 -LEADER | |
|---|---|
| fixed length control field | 00636nam a22001817a 4500 |
| 003 - CONTROL NUMBER IDENTIFIER | |
| control field | DO-SdBHA |
| 005 - DATE AND TIME OF LATEST TRANSACTION | |
| control field | 20190207125750.0 |
| 008 - FIXED-LENGTH DATA ELEMENTS--GENERAL INFORMATION | |
| fixed length control field | 190114b ||||| |||| 00| 0 spa d |
| 022 ## - INTERNATIONAL STANDARD SERIAL NUMBER | |
| International Standard Serial Number | 978-0-85265-249-7 |
| 040 ## - CATALOGING SOURCE | |
| Transcribing agency | DO-SdBJH |
| 082 ## - DEWEY DECIMAL CLASSIFICATION NUMBER | |
| Classification number | 070.92;920 |
| Item number | H263m 2012 |
| 100 ## - MAIN ENTRY--PERSONAL NAME | |
| Personal name | Harding, Luke |
| 245 ## - TITLE STATEMENT | |
| Title | Mafia State: how one reporter became an enemy of the brutal new Russia/ |
| Statement of responsibility, etc. | Luke Harding |
| 260 ## - PUBLICATION, DISTRIBUTION, ETC. (IMPRINT) | |
| Place of publication, distribution, etc. | Inglaterra, Londres : |
| Name of publisher, distributor, etc. | Guardianbooks , |
| Date of publication, distribution, etc. | 2012 |
| 300 ## - PHYSICAL DESCRIPTION | |
| Extent | 310 páginas |
| 650 ## - SUBJECT ADDED ENTRY--TOPICAL TERM | |
| Topical term or geographic name as entry element | Periodismo |
| Form subdivision | Condiciones sociales |
| General subdivision | Política y gobierno, 1991 |
| Geographic subdivision | Rusia (Federación) |
| 942 ## - ADDED ENTRY ELEMENTS (KOHA) | |
| Source of classification or shelving scheme | Dewey Decimal Classification |
| Koha item type | Libros |
| Withdrawn status | Lost status | Source of classification or shelving scheme | Damaged status | Not for loan | Collection code | Home library | Current library | Shelving location | Date acquired | Inventory number | Total Checkouts | Full call number | Barcode | Date last seen | Copy number | Price effective from | Koha item type |
|---|---|---|---|---|---|---|---|---|---|---|---|---|---|---|---|---|---|
| Dewey Decimal Classification | Colección General | SIBM UNADE - Biblioteca Escuela de Graduados de Estudios Militares, ERD | SIBM UNADE - Biblioteca Escuela de Graduados de Estudios Militares, ERD | En estantería | 01/14/2019 | 19-EERD-01634 | 070.92;920 H263m 2012 | 19-EERD-01634 | 01/14/2019 | Ej.1 | 01/14/2019 | Libros | |||||
| Dewey Decimal Classification | Colección General | SIBM UNADE - Biblioteca Escuela de Graduados de Estudios Militares, ERD | SIBM UNADE - Biblioteca Escuela de Graduados de Estudios Militares, ERD | En estantería | 01/14/2019 | 19-EERD-01635 | 070.92;920 H263m 2012 | 19-EERD-01635 | 01/14/2019 | Ej.2 | 01/14/2019 | Libros |
